|
|
|
|
| LEADER |
00809nab a2200217 i 4500 |
| 001 |
publ38728 |
| 005 |
20260116084535.0 |
| 008 |
260116s2025 hu o 000 eng d |
| 022 |
|
|
|a 2067-3809
|
| 024 |
7 |
|
|a 36397206
|2 mtmt
|
| 040 |
|
|
|a SZTE Publicatio Repozitórium
|b hun
|
| 041 |
|
|
|a eng
|
| 100 |
1 |
|
|a Kiss Imre
|
| 245 |
1 |
0 |
|a Modern Engineered Wood Products
|h [elektronikus dokumentum] :
|b An Overview on Their Tipology and Benefits for the Construction Sector /
|c Kiss Imre
|
| 260 |
|
|
|c 2025
|
| 300 |
|
|
|a 79-92
|
| 490 |
0 |
|
|a ACTA TECHNICA CORVINIENSIS – BULLETIN OF ENGINEERING
|v 18 No. 2
|
| 650 |
|
4 |
|a Villamosmérnöki és informatikai tudományok
|
| 700 |
0 |
1 |
|a Desnica Eleonora
|e aut
|
| 700 |
0 |
1 |
|a Sárosi József
|e aut
|
| 856 |
4 |
0 |
|u http://publicatio.bibl.u-szeged.hu/38728/1/ACTA-2025-2-09.pdf
|z Dokumentum-elérés
|